LEADER 01400nam2 2200373 450 001 000037375 005 20140723135227.0 010 $a88-15-02728-9 100 $a20140714d1990----km-y0itaa50------ba 101 0 $aita 102 $aIT 200 1 $a<>età romantica$fRené Wellek 210 $aBologna$c<> Mulino$d1990 215 $a527 p.$d22 cm 225 2 $a<> vie della civiltà 410 0$12001$a<> vie della civiltà 461 1$1001000020349$12001$aStoria della critica moderna$v2 606 1 $aCritica letteraria$xStoria$zSec. 18.-20. 606 2 $aLetteratura$xTeorie$zSec. 18.-20. 676 $a801.9509$v(22. ed.)$9Letteratura (Belle lettere) e retorica. Critica. Trattamento storico e geografico 700 1$aWellek,$bRené$0757319 801 0$aIT$bUniversità della Basilicata - B.I.A.$gREICAT$2unimarc 912 $a000037375 996 $aEtà romantica$91530035 997 $aUNIBAS BAS $aLETTERE CAT $aEXT017$b01$c20140714$lBAS01$h1359 CAT $aEXT017$b01$c20140714$lBAS01$h1400 CAT $aEXT017$b01$c20140714$lBAS01$h1403 CAT $aEXT017$b01$c20140714$lBAS01$h1437 CAT $aTTM$b30$c20140721$lBAS01$h1702 CAT $aTTM$b30$c20140723$lBAS01$h1352 FMT Z30 -1$lBAS01$LBAS01$mBOOK$1BASA1$APolo Storico-Umanistico$2DSLF$BCollezione DiSLF$3DF/E417$6961$5F961$820140714$f04$FPrestabile Didattica$hVol. 2 LEADER 04206nam 22004933 450 001 9910872328303321 005 20251116150212.0 010 $a9783428415083 010 $a3428415086 035 $a(CKB)5690000000030929 035 $a(MiAaPQ)EBC7100864 035 $a(Au-PeEL)EBL7100864 035 $a(OCoLC)1347024107 035 $a(Exl-AI)7100864 035 $a(EXLCZ)995690000000030929 100 $a20221219d2022 uy 0 101 0 $ager 135 $aurcnu|||||||| 181 $ctxt$2rdacontent 182 $cc$2rdamedia 183 $acr$2rdacarrier 200 10$aStrukturwandlungen Einer Wachsenden Wirtschaft $eVerhandlungen Auf der Tagung des Vereins Für Socialpolitik in Luzern 1962. Bd. II 205 $a1st ed. 210 1$aBerlin :$cDuncker & Humblot,$d2022. 210 4$d©1964. 215 $a1 online resource (625 pages) 225 1 $aSchriften des Vereins für Socialpolitik 311 08$a9783428015085 311 08$a3428015088 327 $aInhalt des zweiten Bandes -- Zweiter Tag, Nachmittag. Mittwoch, 19. September 1962 -- VIII. Geld, Kredit und Kapital -- Prof. Dr. Wolfgang Stützel (Saarbrücken): Banken, Kapital und Kredit in der zweiten Hälfte des zwanzigsten Jahrhunderts -- I. Einleitung -- II. Regenerationsbedingte Strukturwandlungen -- 1. Bestandsstrukturen im Zeichen des Wiederaufbaus -- 2. Denkstrukturen im Zeichen des Wiederaufbaus -- III. Liberalisierungsbedingte Strukturwandlungen -- IV. Symptome längerfristiger, säkularer Strukturwandlungen -- Prof. Dr. Helmut Lipfert (Hamburg): Wandlungen von Kapitalstruktur und Finanzierungsformen deutscher Industrie-Aktiengesellschaften -- I. Vorbemerkung -- II. Begriffsbestimmungen -- III. Wandlungen der Kapitalstruktur -- 1. Gesamtkapitalentwicklung -- 2. Eigenkapital und Fremdkapital -- 3. Beziehungen zwischen Kapital -und Vermögensstruktur -- IV. Versuch einer Ermittlung der unsichtbaren Selbstfinanzierung bzw. der stillen Reserven der Gesamtheit -- V. Modifizierung der aus handelsbilanzmäßigen Daten gewonnenen Ergebnisse der Kapitalstruktur -- VI. Wandlungen der Finanzierungsformen -- 1. Innen- und Außenfinanzierung -- 2. Innenfinanzierung und Anlagevermögenszuwachs -- Anhang 1 -- Anhang 2 -- Zu ?Versuch einer Ermittlung der unsichtbaren Selbstfinanzierung bzw. der stillen Reserven der Gesamtheit? -- 0 Bildung eines die Innenfinanzierung der deutschen Industrie-Aktiengesellschaften repräsentierenden Sample -- 1 Die Ermittlung der gesamten Selbstfinanzierung des Sample -- 10 Mathematische Methoden zur Schätzung des Ertrages vor Steuerabzug -- 100 Aufbereitung der gewinnabhängigen Steuern -- 101 Normalformel zur Ermittlung des steuerpflichtigen Ertrages$7Generated by AI. 330 $aThis book, part of the Schriften des Vereins für Socialpolitik series, presents proceedings from a conference held in Lucerne in 1962, focusing on economic and social policy discussions. It includes detailed analyses on various topics such as banking, capital, credit structures, price and productivity changes across different economic sectors, industrial transformations, public sector activities, and investment issues in post-war Germany. The book aims to explore economic trends, challenges, and structural changes affecting the German economy during the 1950s and 1960s, providing insights into the impact of historical events and governmental policies on economic development. It is intended for economists, policymakers, and researchers interested in economic history and policy analysis.$7Generated by AI. 410 0$aSchriften des Vereins für Socialpolitik 606 $aEconomic policy$7Generated by AI 606 $aSocial policy$7Generated by AI 615 0$aEconomic policy 615 0$aSocial policy 700 $aNeumark$b Fritz$0147079 801 0$bMiAaPQ 801 1$bMiAaPQ 801 2$bMiAaPQ 906 $aBOOK 912 $a9910872328303321 996 $aStrukturwandlungen einer wachsenden Wirtschaft$94181696 997 $aUNINA